000 00592nam a22001937a 4500
999 _c20179
_d20179
003 AR-CdUCM
008 190527b ||||| |||| 00| 0 spa d
040 _aMUNICIPALIDAD PROVINCIAL DEL CUSCO
_cBIBLIOTECA MUNICIPAL DEL CUSCO
082 _a868.3 /
_bA68
100 _aArévalo, Salta, Felipe
_942187
245 _aEl espectador de sí mismo :
_bnovela /
260 _aMadrid :
_bCaro Raggio,
_c1923.
300 _a323 páginas ;
_c18 cm.
505 _aContenido: Novela.
650 _aNovela
_95
650 _aLiteratura universal
_9611
942 _2ddc
_cLIBROS
945 _adavv
_d2019-05-27